ABeCedarios : (Record no. 6052)
[ view plain ]
| 000 -LEADER | |
|---|---|
| fixed length control field | 01834cam a2200397 a 4500 |
| 001 - CONTROL NUMBER | |
| control field | 6052 |
| 003 - CONTROL NUMBER IDENTIFIER | |
| control field | FISKH |
| 005 - DATE AND TIME OF LATEST TRANSACTION | |
| control field | 20250602092324.0 |
| 008 - FIXED-LENGTH DATA ELEMENTS--GENERAL INFORMATION | |
| fixed length control field | 070510s2007 txua j 000 0 eng |
| 010 ## - LIBRARY OF CONGRESS CONTROL NUMBER | |
| LC control number | 2007019441 |
| 020 ## - INTERNATIONAL STANDARD BOOK NUMBER | |
| International Standard Book Number | 1933693134 |
| 020 ## - INTERNATIONAL STANDARD BOOK NUMBER | |
| International Standard Book Number | 9780545101400 |
| 020 ## - INTERNATIONAL STANDARD BOOK NUMBER | |
| International Standard Book Number | 9781933693132 |
| 040 ## - CATALOGING SOURCE | |
| Original cataloging agency | DLC |
| Transcribing agency | DLC |
| Modifying agency | BAKER |
| -- | BTCTA |
| -- | SAP |
| -- | TEF |
| -- | DLC |
| Language of cataloging | eng |
| 050 ## - LIBRARY OF CONGRESS CALL NUMBER | |
| Classification number | NK845.O2 W45 |
| 082 ## - DEWEY DECIMAL CLASSIFICATION NUMBER | |
| Classification number | 745.0972 |
| 100 1# - MAIN ENTRY--PERSONAL NAME | |
| Personal name | Weill, Cynthia. |
| 245 10 - TITLE STATEMENT | |
| Title | ABeCedarios : |
| Remainder of title | Mexican folk art ABCs in English and Spanish / |
| Statement of responsibility, etc. | Cynthia Weill and K.B. Basseches ; wood sculptures from Oaxaca by Moisés and Armando Jiménez. |
| 260 ## - PUBLICATION, DISTRIBUTION, ETC. | |
| Place of publication, distribution, etc. | New York : |
| Name of publisher, distributor, etc. | Scholastic, |
| Date of publication, distribution, etc. | 2007 |
| 300 ## - PHYSICAL DESCRIPTION | |
| Extent | 32 unnumbered pages : |
| Other physical details | color illustrations ; |
| Dimensions | 20 cm |
| 505 ## - FORMATTED CONTENTS NOTE | |
| Formatted contents note | NP |
| 520 ## - SUMMARY, ETC. | |
| Summary, etc. | Este libro ilustrado para niños presenta el alfabeto usando esculturas de animales talladas de madera y pintadas por la familia Jiménez, descendientes de Manuel Jiménez de Oaxaca, un fundador de ese tipo de arte folklórico. |
| 520 ## - SUMMARY, ETC. | |
| Summary, etc. | This illustrated book for children introduces the alphabet, using painted wooden sculptures of animals made by the Jiménez family, descendents of Manuel Jiménez from Oaxaca, one of the founders of this type of folk art. |
| 521 8# - TARGET AUDIENCE NOTE | |
| Target audience note | 70<br/> |
| Source | Lexile estimate <br/> |
| 521 8# - TARGET AUDIENCE NOTE | |
| Target audience note | aa |
| Source | Raz-Plus<br/> |
| 546 ## - LANGUAGE NOTE | |
| Language note | Parallel English and Spanish texts = Textos paralelos en inglés y español. |
| 650 #0 - SUBJECT ADDED ENTRY--TOPICAL TERM | |
| Topical term or geographic name entry element | Folk art |
| Geographic subdivision | Mexico |
| -- | Oaxaca (State) |
| Form subdivision | Juvenile literature. |
| 650 #0 - SUBJECT ADDED ENTRY--TOPICAL TERM | |
| Topical term or geographic name entry element | Alphabet in art |
| Form subdivision | Juvenile literature. |
| 650 #0 - SUBJECT ADDED ENTRY--TOPICAL TERM | |
| Topical term or geographic name entry element | Alphabet books |
| Form subdivision | Juvenile literature. |
| 650 #1 - SUBJECT ADDED ENTRY--TOPICAL TERM | |
| Topical term or geographic name entry element | Spanish language materials |
| General subdivision | Bilingual. |
| 653 ## - INDEX TERM--UNCONTROLLED | |
| Uncontrolled term | Materiales bilingües en español e inglés. |
| 700 1# - ADDED ENTRY--PERSONAL NAME | |
| Personal name | Basseches, K. B. |
| Relator term | Author |
| 906 ## - LOCAL DATA ELEMENT F, LDF (RLIN) | |
| a | 7 |
| b | cbc |
| c | orignew |
| d | 1 |
| e | ecip |
| f | 20 |
| g | y-gencatlg |
| 942 ## - ADDED ENTRY ELEMENTS (KOHA) | |
| Source of classification or shelving scheme | Dewey Decimal Classification |
| Koha item type | Books |
| Suppress in OPAC | No |
| Withdrawn status | Lost status | Source of classification or shelving scheme | Damaged status | Not for loan | Collection | Home library | Current library | Shelving location | Date acquired | Total Checkouts | Full call number | Barcode | Date last seen | Copy number | Price effective from | Koha item type |
|---|---|---|---|---|---|---|---|---|---|---|---|---|---|---|---|---|
| Dewey Decimal Classification | Non-Fiction | Footprints International School Library Network Toul Kork Campus | Footprints International School Library Network Toul Kork Campus | TK Primary Library Room(4th Floor), Bookcase 7, Shelves 57-60, Dark Green Books | 02/27/2025 | WEI 745.0972 NK845.O2 W45 | FISBK05283 | 02/27/2025 | 1 | 02/27/2025 | Books | |||||
| Dewey Decimal Classification | Non-Fiction | Footprints International School Library Network Toul Kork Campus | Footprints International School Library Network Toul Kork Campus | TK Primary Library Room(4th Floor), Bookcase 7, Shelves 57-60, Dark Green Books | 05/02/2025 | WEI 745.0972 NK845.O2 W45 | FISTK02132 | 05/02/2025 | 2 | 05/02/2025 | Books | |||||
| Dewey Decimal Classification | Non-Fiction | Footprints International School Library Network Toul Kork Campus | Footprints International School Library Network Toul Kork Campus | TK Primary Library Room(4th Floor), Bookcase 7, Shelves 57-60, Dark Green Books | 06/02/2025 | WEI 745.0972 NK845.O2 W45 | FISBK05252 | 06/02/2025 | 3 | 06/02/2025 | Books |
